|
|
|
|
| LEADER |
00000cam a2200000 a 4500 |
| 001 |
vtls008366306 |
| 003 |
SK-MaSNL |
| 005 |
20260301140408.0 |
| 008 |
251001s1927 xr a f p 000 0 slo |
| 015 |
|
|
|a SNBA19191938-001238
|
| 020 |
|
|
|q (viazané)
|
| 035 |
|
|
|a SK01SNKBSKHR20020058523
|
| 035 |
|
|
|a urn:nbn:sk:snk-am3i5zw
|
| 035 |
|
|
|a 8FB7CB20-2F78-4FB2-AC38-59159F0F90FE
|
| 035 |
|
|
|a urn:nbn:sk:snk-am00dlaq
|
| 035 |
|
|
|a SKM000060986
|
| 040 |
|
|
|a SNK
|b slo
|c SNK
|e AACR2
|
| 041 |
0 |
|
|a slo
|
| 044 |
|
|
|a xr
|c CZ
|
| 072 |
|
7 |
|a 51
|x Matematika
|2 konspekt
|
| 080 |
|
|
|a 51
|2 2011
|
| 080 |
|
|
|a (075.2)
|2 2011
|
| 100 |
1 |
|
|a Buzek, Kamil,
|d 1874-1950
|4 aut
|9 145014
|
| 245 |
1 |
0 |
|a Počtovnica pre meštianske školy
|n Diel I. (pre prvú triedu)
|c napísali Kamil Buzek a Josef Krůta ; poslovenčil Adam Novák
|
| 250 |
|
|
|a 2. vyd.
|
| 260 |
|
|
|a V Prahe
|b Komenium
|c 1927
|
| 300 |
|
|
|a 99 strán
|b ilustrácie, tabuľky
|c 23 cm
|
| 500 |
|
|
|a S 2 obrázkami
|
| 500 |
|
|
|a Poznámky pod čiarou
|
| 650 |
0 |
7 |
|a matematika
|2 SNKPH
|9 70174
|
| 655 |
|
7 |
|a učebnice základných škôl
|2 SNKPH
|9 70187
|
| 700 |
1 |
|
|a Krůta, Josef,
|d 1874-1950
|4 aut
|9 190880
|
| 700 |
1 |
|
|a Novák, Adam
|4 trl
|9 10891
|
| 752 |
|
|
|a Česko
|d Praha
|
| 852 |
|
|
|a Slovenská národná knižnica
|
| 958 |
|
|
|a EUIPO
|
| 958 |
|
|
|a OND
|
| 958 |
|
|
|a TL
|
| 999 |
|
|
|c 763520
|d 765450
|
| 952 |
|
|
|a SNK
|b SNK
|y PREZ
|7 0
|p 17A0799092
|o snkSC 9304
|i snkKSF 940/57
|8 5
|0 0
|1 0
|4 0
|d 2019-09-02
|f 1
|l 0
|r 2025-07-09 00:00:00
|w 2026-02-24
|